000 00758nam a2200229Ia 4500
003 OSt
005 20260324100357.0
008 220923b |||||||| |||| 00| 0 eng d
037 _cGeneral Book
040 _aRTL
_cRTL
_beng
041 _2eng
_aeng
100 _aAlland Alexander
_917656
245 0 _aCrisis and commitment: life history of a French social movement
260 _aSwitzerland
_bGordon and Breach
_c1994
300 _axxxv, 190 p.
_bIncludes bibliographical references and index
490 _aLibrary of Anthropology
500 _aBibliography: P 171-76
650 _aSocial Movements
_934468
700 _a Alland Sonia
_9337328
_eCo-author
942 _hY:47.53.N9, N4
_cGB
_2CC
999 _c654605
_d654605